000 00470nam a22001697a 4500
999 _c17503
_d17503
008 190228b xxu||||| |||| 00| 0 eng d
020 _a0132984669
040 _aKABU
_cKABU
050 _aHF5635
_b.S36 2015 c. 1
100 _aScott, William R.
245 _aFinancial accounting theory
_cWilliam R. Scott
250 _a7th ed.
260 _aCanada
_bPearson
_c2015
300 _axvi, 608 p.
650 _aAccounting
_vTextbooks
942 _2lcc
_cBK
_e7th
_hHF5635